Hospital by the lake / by Anne Durham.

Saved in:
Bibliographic Details
Main Author: Durham, Anne, 1913-
Format: Book
Language:English
Published: London : Mills & Boon, 1966.
LEADER 00720nam a2200205 a 4500
001 c000088539
003 CARM
005 00000000000000.0
008 930128s1966 enk 00011 eng d
019 1 |a 9783212  |5 LACONCORD2021 
035 |a (OCoLC)30285881  |5 LACONCORD2021 
040 |a VLINC  |c VLINC 
100 1 |a Durham, Anne,  |d 1913- 
245 1 0 |a Hospital by the lake / by Anne Durham. 
260 |a London :  |b Mills & Boon,  |c 1966. 
300 |a 189 p. ;  |c 20 cm. 
852 8 |b CARM  |h A2:AB15G0  |i A01105  |p 0114942  |f BK 
082 0 4 |a 823.914  |2 20 
999 f f |i 404f6f2a-6f51-57db-8928-77874630c9b0  |s dfdb90bf-08b8-5ca6-a40a-665008031382 
952 f f |p Can circulate  |a CAVAL  |b CAVAL  |c CAVAL  |d CARM 1 Store  |e A01105  |f A2:AB15G0  |h Other scheme  |i book  |m 0114942